Szczegóły MARC21

Metzler Autoren Lexikon : deutschsprachige Dichter und Schriftsteller vom Mittelalter bis zur Gegenwart /

003 -Nazwa inst., której nr kontr. jest w polu 001 [,]
    • @
    • Nazwa instytucji, której n kontrolny jest w polu 001
    • NUKAT
005 -DATA I CZAS OSTATNIEJ MODYFIKACJI [,]
    • @
    • pole kontrolne
    • 20241231113312.0
020 -Międzynarod. znormalizowany nr książki - ISBN [ , ]
    • a
    • Numer ISBN
    • 3476005992 Find
040 -Instytucja sporządzająca opis [ , ]
    • a
    • Instytucja, która sporządziła opis (NP)
    • TOR U/GS
    • c
    • Instytucja, która sporządziła rekord (NP)
    • TOR U/GS
    • d
    • Instytucja, która zmodyfikowała rekord (P)
    • TOR U/LF
942 -Rodzaj dokumentu [ , ]
    • c
    • Rodzaj dokumentu
    • Książka
245 -Strefa tytułu i oznaczenia odpowiedzialności [0,0]
    • a
    • Tytuł
    • Metzler Autoren Lexikon : Find
    • b
    • Ciąg dalszy tytułu (NP)
    • deutschsprachige Dichter und Schriftsteller vom Mittelalter bis zur Gegenwart / Find
    • c
    • Pozostałe elementy strefy tytułu i oznaczenia odpowiedzialności (NP)
    • unter redaktioneller Mitarb. von Heidi Oßmann, Christel Pflüger und Susanne Wimmer ; hrsg. von Bernd Lutz.
260 -Strefa adresu wydawniczego [ , ]
    • a
    • Miejsce wydania (P)
    • Stuttgart :
    • b
    • Nazwa wydawcy (P)
    • J. B. Metzlersche Verlagsbuchhandlung,
    • c
    • Data wydania (P)
    • 1986.
300 -Strefa opisu fizycznego [ , ]
    • a
    • Określenie formy książki i/lub objętość (NP)
    • 674 s. :
    • b
    • Oznaczenie ilustracji (NP)
    • il. ;
    • c
    • Format (NP)
    • 24 cm.
336 -Typ zawartości [ , ]
    • a
    • Termin opisujący typ zawartości
    • Tekst
    • b
    • Kod określający zawartość
    • txt
    • 2
    • Źródło (terminu i kodu)
    • rdacontent
337 -Typ mediów [ , ]
    • a
    • Tryb odtwarzania
    • Bez urządzenia pośredniczącego
    • b
    • Kod typu mediów
    • n
    • 2
    • Źródło (terminu i kodu)
    • rdamedia
338 -Typ/rodzaj nośnika [ , ]
    • a
    • Hasło opisujące typ nośnika
    • Wolumin
    • b
    • Kod typu nośnika
    • nc
    • 2
    • Źródło (terminu i kodu)
    • rdacarrier
504 -Uwaga dot. bibliogr. załącznikowej [ , ]
    • a
    • Uwaga dot. bibliografii załącznikowej
    • Bibliogr. s. 658-659 i przy hasłach.
504 -Uwaga dot. bibliogr. załącznikowej [ , ]
    • a
    • Uwaga dot. bibliografii załącznikowej
    • Indeks.
080 -Uniwersalna Klasyfikacja Dziesiętna [ , ]
    • a
    • Symbol klasyfikacji
    • 830(091)(038)=30
080 -Uniwersalna Klasyfikacja Dziesiętna [ , ]
    • a
    • Symbol klasyfikacji
    • :929-051(038)=30
650 -Hasło przedmiotowe [ ,7]
    • a
    • Hasło przedmiotowe
    • Pisarze niemieckojęzyczni
    • v
    • Określnik formalny
    • biografie
    • v
    • Określnik formalny
    • słowniki.
    • 2
    • Źródło terminu
    • kaba
    • 9
    • KHW
    • 523966
980 -Symbol UKD [ , ]
    • a
    • UKD
    • 830(091):929-051](038)=30
700 -Hasło dodatkowe - nazwa osobowa [1, ]
    • a
    • Nazwa osobowa (NP)
    • Ossmann, Heidi. Find
    • e
    • Określenie rodzaju współpracy
    • Red.
    • 9
    • KHW
    • 523677
700 -Hasło dodatkowe - nazwa osobowa [1, ]
    • a
    • Nazwa osobowa (NP)
    • Pflüger, Christel. Find
    • e
    • Określenie rodzaju współpracy
    • Red.
    • 9
    • KHW
    • 523678
700 -Hasło dodatkowe - nazwa osobowa [1, ]
    • a
    • Nazwa osobowa (NP)
    • Wimmer, Susanne. Find
    • e
    • Określenie rodzaju współpracy
    • Red.
    • 9
    • KHW
    • 523679
700 -Hasło dodatkowe - nazwa osobowa [1, ]
    • a
    • Nazwa osobowa (NP)
    • Lutz, Bernd. Find
    • e
    • Określenie rodzaju współpracy
    • Red.
    • 9
    • KHW
    • 461157
920 -ISBN [ , ]
    • a
    • ISBN
    • 3-476-00599-2 Find
Data inwentaryzacji Lokalizacja Numer inwentarzowy Status udost. Sygnatura
1998-09-18BMG.139431GERM. Literaturozn.-słowniki 08
2000-10-16BMG.7366-3Germ. Literaturozn.-słowniki 14